More can be less efficient (Record no. 72898)

MARC details
000 -LEADER
fixed length control field 01983cam a2200241 4500
001 - CONTROL NUMBER
control field ABS66804
008 - FIXED-LENGTH DATA ELEMENTS--GENERAL INFORMATION
fixed length control field 030620n2003 000 0 eng u
035 ## - SYSTEM CONTROL NUMBER
System control number (Sirsi) u122682
100 ## - MAIN ENTRY--PERSONAL NAME
Personal name Atkinson, D.
245 ## - TITLE STATEMENT
Title More can be less efficient
260 ## - PUBLICATION, DISTRIBUTION, ETC.
Date of publication, distribution, etc. 2003
490 ## - SERIES STATEMENT
Series statement Construction News
Volume/sequential designation (6815) 8 May 2003, 12(1)
490 ## - SERIES STATEMENT
Series statement Contract Journal
Volume/sequential designation 419(6433) 2 July 2003, 18(1)
520 ## - SUMMARY, ETC.
Summary, etc. "Pring and St Hill Ltd v C J Hafner" ([2002] EWHC 1775 (TCC), unreported) deals with whether the scheme for construction contracts allows an adjudicator to adjudicate at the same time on related disputes under different contracts with the consent of the parties. Sir Robert McAlpine had engaged Pring (P) to install glazing on a new building. The glazing was damaged and had to be replaced. Four firms could have caused the damage and four separate cases with the same adjudicator were started to apportion responsibility. P was found liable which then acted against its sub-subcontractor Hafner (H). H did not pay the full amount awarded to P, who then sought enforcement. H's objections to the ruling were manifold, but ultimately this highlights that an adjudicator in this position may be at risk of bias and if one party does not give its consent to parallel adjudications and the adjudication proceeds anyway, he will not have jurisdiction and his decision will be overruled. View judgment at www.bailii.org.
590 ## - LOCAL NOTE (RLIN)
Local note ABS
650 ## - SUBJECT ADDED ENTRY--TOPICAL TERM
Topical term or geographic name entry element MANAGEMENT-DISPUTE AVOIDANCE, MANAGEMENT AND RESOLUTION-DISPUTE MANAGEMENT AND RESOLUTION-ALTERNATIVE DISPUTE RESOLUTION-ADJUDICATION
650 ## - SUBJECT ADDED ENTRY--TOPICAL TERM
Topical term or geographic name entry element BUILT ENVIRONMENT-BUILDING CONTRACT FORMS
650 ## - SUBJECT ADDED ENTRY--TOPICAL TERM
Topical term or geographic name entry element CONSTRUCTION DISPUTES
650 ## - SUBJECT ADDED ENTRY--TOPICAL TERM
Topical term or geographic name entry element PRING AND ST HILL LTD V C J HAFNER
690 ## - LOCAL SUBJECT ADDED ENTRY--TOPICAL TERM (OCLC, RLIN)
Topical term or geographic name as entry element MANGEMENT-DISPUTE AVOIDANCE, MANAGEMENT AND RESOLUTION-DISPUTE MANAGEMENT AND RESOLUTION
856 ## - ELECTRONIC LOCATION AND ACCESS
Uniform Resource Identifier <a href="https://www.bailii.org/cgi-bin/markup.cgi?doc=/ew/cases/EWHC/TCC/2002/1775.htmlzView judgment on the BAILII website...">https://www.bailii.org/cgi-bin/markup.cgi?doc=/ew/cases/EWHC/TCC/2002/1775.htmlzView judgment on the BAILII website...</a>
942 ## - ADDED ENTRY ELEMENTS (KOHA)
Suppress in OPAC 0
Holdings
Withdrawn status Lost status Source of classification or shelving scheme Damaged status Not for loan Home library Current library Shelving location Date acquired Total Checkouts Full call number Barcode Date last seen Copy number Price effective from Koha item type
    Dewey Decimal Classification     London London Journal article 20/06/2003   ABS66804 122682-1001 06/08/2019 1 06/08/2019 Journal article